Keamanan sejagat : peranan Malaysia dalam politik antarabangsa

Bibliographic Details
Main Author: Mokhtar A. Kadir (Author)
Format: Book
Published: Kuala Lumpur : Dewan Bahasa dan Pustaka , 1991
Subjects:

MARC

LEADER 00000cam a2200000 7i4500
001 0000007201
005 20070623093000.0
008 021119s1991
020 |a 9836225420 
090 0 0 |a JX1581   |b .M6 1991 
100 0 |a Mokhtar A. Kadir ,   |e author 
245 0 0 |a Keamanan sejagat :   |b peranan Malaysia dalam politik antarabangsa   |c Mokhtar A. Kadir 
260 2 |a Kuala Lumpur :   |b Dewan Bahasa dan Pustaka ,   |c 1991 
300 |a xv, 281 ms. ; ;   |c 27 sm. 
504 |a Mengandungi bibliografi (ms. 267-269) dan indeks 
650 0 |a World politics 
651 0 |a Malaysia   |x Foreign relations 
651 0 |a Malaysia   |x Politics and government 
999 |a 1000022052   |b Book   |c OPEN SHELF (30 DAYS)   |e Gong Badak Campus